Science Quiz

Random Science or Anatomy Quiz

Structures passing through foramen of the skull Quiz Stats

 Plays Quiz not verified by Sporcle

Support Sporcle.
Go Orange.
Score 0/24 Timer 13:00
0 Plays Today
Foramen Answer % Correct
Olfactory Foraminaolfactory nerve
70%
Foramen Spinosummiddle meningeal artery
58.3%
Foramen Cecumemissary vein to nasal cavity
45%
Foramen rotundumtrigeminal V2 (maxillary)
43.3%
Superior orbital fissureCN III, IV, VI, trigeminal V1 (opthalmic), opthalmic veins
40%
Optic Canaloptic nerve, ophthalmic artery
38.3%
Hiatus for Greater petrosal nervegreater petrosal nerve (branch of facial nerve)
38.3%
Foramen Ovaletrigeminal V3 (mandibular), lesser petrosal nerve
33.3%
Haitus for lesser petrosal nervelesser petrosal nerve (branch of tympanic plexus, fibers originally from glossopharyngeal nerve, CN IX)
30%
Condylar Canalemissary vein
30%
Foramen Magnumend of brainstem, vertebral arteries, spinal roots of accessory nerve, meninges
28.3%
Hypoglossal canalhypoglossal nerve (CN XII), meningeal branch of ascending pharyngeal artery
28.3%
Foramen Answer % Correct
Internal Accoustic Meatusfacial nerve (CNVII), vestibulochochlear nerve (CN VIII), labyrinthe artery
26.7%
Jugular foramenglossopharyngeal nerve (CN IX), vagus nerve (CN X), accessory nerve (CN XI), inferior petrosal sinus, sigmoid sinus (becomes internal jugular vein)
21.7%
Foramen vesaliussphenoidal emissary vein
17.6%
Stylomastoid foramenFacial nerve, stylomastoid artery
17.6%
Mastoid canaliculusauricular branch of Vagus
17.6%
Mastoid foramenemissary vein
14.7%
supraorbital notchsupraorbital VAN
14.7%
infraorbital forameninfraorbital VAN
14.7%
Carotid canalinternal carotid artery, internal carotid plexus
14.7%
Inferior orbital fissureInfraorbital VAN, zygomatic nerve, emissary vein from pterygoid plexus to cavernous sinus
11.8%
pterygopalatine fossapterygopalatine ganglion, maxillary artery, maxillary nerve (V2)
11.8%
Foramen lacerumbetween occipital and temporal
8.8%

You're not logged in!

Compare scores with friends on all Sporcle quizzes.
OR
Log In

From the Vault

'Double' Clicking: Product Names

by MSUKent

We admit it, double clicking has always been the best kind of clicking.
Remove Ads.
Support Sporcle.
Get the best of Sporcle when you Go Orange. This ad-free experience offers more features, more stats, and more fun while also helping to support Sporcle. Thank you for becoming a member.

Show Comments

Extras

Created Oct 6, 2013ReportNominate
Tags:Anatomy Quiz

Top Quizzes Today


Score Distribution

Your Account Isn't Verified!

In order to create a playlist on Sporcle, you need to verify the email address you used during registration. Go to your Sporcle Settings to finish the process.

Report this User

Report this user for behavior that violates our Community Guidelines.

Details: